Bad gut : (Record no. 2587)

000 -LEADER
fixed length control field nam a22 a 4500
003 - CONTROL NUMBER IDENTIFIER
control field AKMAL
005 - DATE AND TIME OF LATEST TRANSACTION
control field 20170517114150.0
008 - FIXED-LENGTH DATA ELEMENTS--GENERAL INFORMATION
fixed length control field 170517s1998 my 00 eng d
020 ## - INTERNATIONAL STANDARD BOOK NUMBER
International Standard Book Number 9832106141 (pbk.):
Terms of availability RM 5.90
040 ## - CATALOGING SOURCE
Original cataloging agency AKMAL
Transcribing agency AKMAL
049 00 - LOCAL HOLDINGS (OCLC)
Holding library klpmal
082 04 - DEWEY DECIMAL CLASSIFICATION NUMBER
Classification number 616.34 MIL
Edition number 21
090 00 - LOCALLY ASSIGNED LC-TYPE CALL NUMBER (OCLC); LOCAL CALL NUMBER (RLIN)
Classification number (OCLC) (R) ; Classification number, CALL (RLIN) (NR) 616.34
Local cutter number (OCLC) ; Book number/undivided call number, CALL (RLIN) MIL
090 20 - LOCALLY ASSIGNED LC-TYPE CALL NUMBER (OCLC); LOCAL CALL NUMBER (RLIN)
Classification number (OCLC) (R) ; Classification number, CALL (RLIN) (NR) 616.34
Local cutter number (OCLC) ; Book number/undivided call number, CALL (RLIN) MIL
245 10 - TITLE STATEMENT
Title Bad gut :
Remainder of title nutritional help /
Statement of responsibility, etc. Bruce Miller
260 ## - PUBLICATION, DISTRIBUTION, ETC.
Place of publication, distribution, etc. Petaling Jaya :
Name of publisher, distributor, etc. Oak Enterprise,
Date of publication, distribution, etc. 1998
300 00 - PHYSICAL DESCRIPTION
Extent 32p. ;
Dimensions 22cm
440 #0 - SERIES STATEMENT/ADDED ENTRY--TITLE
Title Bruce Miller's better health series
9 (RLIN) 5150
650 #0 - SUBJECT ADDED ENTRY--TOPICAL TERM
Topical term or geographic name entry element Inflammatory bowel diseases
General subdivision Diet therapy
9 (RLIN) 5403
650 #0 - SUBJECT ADDED ENTRY--TOPICAL TERM
Topical term or geographic name entry element Inflammatory bowel diseases
General subdivision Nutritional aspects
9 (RLIN) 5404
942 ## - ADDED ENTRY ELEMENTS (KOHA)
Source of classification or shelving scheme
Koha item type Book
Holdings
Withdrawn status Lost status Source of classification or shelving scheme Damaged status Not for loan Collection code Home library Current library Date acquired Inventory number Total Checkouts Full call number Barcode Date last seen Price effective from Koha item type
          NON-FICTION AKMAL Melaka AKMAL Melaka 17.05.2017 602047   616.34 MIL 201703463 17.05.2017 17.05.2017 Book
Pusat Sumber Maklumat Dato' Haji Sarmin Md Hussin, Akademi Kastam Diraja Malaysia, Melaka
Tel: 06-2331106 | Faks: 06-2313787